Znalecký posudok

Skutočnosti, ktoré môžu podnikateľov zaujímať v súvislosti so znaleckým posudkom a znaleckou činnosťou spolu s najčastejšími prípadmi, pri ktorých podnikatelia potrebujú mať k dispozícii znalecký posudok.

Uložené v:
Podrobná bibliografia
Hlavný autor: Šrenkel, Ľudovít
Médium: Kapitola
Jazyk:Slovak
Predmet:
Tagy: Pridať tag
Žiadne tagy, Buďte prvý, kto otaguje tento záznam!

MARC

LEADER 00000nla a2200000 4500
001 0198168
005 20240502073340.0
041 0 |a slo 
044 |a SK 
245 1 0 |a Znalecký posudok  |c Ľudovít Šrenkel 
520 |a Skutočnosti, ktoré môžu podnikateľov zaujímať v súvislosti so znaleckým posudkom a znaleckou činnosťou spolu s najčastejšími prípadmi, pri ktorých podnikatelia potrebujú mať k dispozícii znalecký posudok. 
610 2 0 |a posudky znalecké 
610 2 0 |a oceňovanie 
610 2 0 |a odhad hodnoty 
610 2 0 |a hodnota podniku 
610 2 0 |a hodnota majetku 
610 2 0 |a ohodnocovanie podniku 
610 2 0 |a znalectvo 
100 1 |a Šrenkel, Ľudovít